Statistics for Guess the Taylor Swift Song With the name Scrambled (Folklore)

Click here to take the quiz!

General Stats

  • This quiz has been taken 48 times
  • The average score is 16 of 17

Answer Stats

HintAnswer% Correct
tiilcli sriffaaIllicit Affairs
98%
my sreta hercctoiMy Tears Ricochet
98%
ceeapPeace
98%
het slta etarg rimneaca yysdntaThe Last Great American Dynasty
98%
guustaAugust
95%
tybteBetty
95%
aacnrdigCardigan
95%
leixeExile
95%
xhaoHoax
95%
dma omwnaMad Woman
95%
het neoThe 1
95%
hits si em rigtynThis is Me Trying
95%
niaeppyhEpiphany
93%
iarorlrmblMirrorball
93%
neevsSeven
93%
het klaseThe Lakes
93%
vnbieilsi gsrntiInvisible String
86%

Score Distribution

Percentile by Number Answered

Percent of People with Each Score

Your Score History

You have not taken this quiz